000 00310nam a22001457a 4500
008 210528b ||||| |||| 00| 0 eng d
020 _a9781133961185
041 _aeng
080 _29th
_a510
082 _a510
100 _a38
101 _aMAT
245 _aCollege Algebra
_cRon Larson
942 _2udc
_cBK
999 _c57774
_d57774